000 03216cam a2200445 i 4500
999 _c200430941
_d49152
001 200430941
003 TR-AnTOB
005 20241107084055.0
007 ta
008 170605t20172017enk b 001 0 eng
010 _a2017023185
020 _a9781107188471
_qhardcover
020 _a1107188474
_qhardcover
020 _a9781316638538
_qpaperback
020 _a1316638537
_qpaperback
035 _a.b82707716
035 _a(TR-AnTOB)200430941
040 _aDLC
_beng
_erda
_cDLC
_dOCLCO
_dOCLCF
_dYDX
_dBTCTA
_dOD$
_dCOO
_dCHVBK
_dQGK
_dQGJ
_dSISMU
_dEQO
_dUPM
_dERL
_dYDX
_dOCLCO
_dUtOrBLW
_dTR-AnTOB
041 0 _aeng
042 _apcc
050 0 0 _aKZ3275.S53
_bA35 2017
090 _aKZ3275.S53
_bA35 2017
100 1 _aShaw, Malcolm N.
_q(Malcolm Nathan),
_d1947-
_eauthor
_0http://id.loc.gov/authorities/names/n83121628
_9121982
245 1 0 _aInternational law /
_cMalcolm N. Shaw QC.
250 _aEighth edition
264 1 _aCambridge, United Kingdom ;
_aNew York, NY, USA :
_bCambridge University Press,
_c2017
264 4 _c©2017
300 _alxxxviii, 1,033 pages ;
_c26 cm
336 _atext
_btxt
_2rdacontent
337 _aunmediated
_bn
_2rdamedia
338 _avolume
_bnc
_2rdacarrier
500 _a"Table of cases": pages xxii-xlv
504 _aIncludes bibliographical references and index
505 0 _aThe nature and development of international law -- International law today -- Sources -- International law and municipal law -- The Subjects of international law -- The International protection of human rights -- Individual criminal responsibility in international law -- Recognition -- Territory -- The Law of the sea -- Jurisdiction -- Immunities from jurisdiction -- State responsibility -- International environmental law -- The law of treaties -- State succession -- The settlement of disputes by peaceful means -- The international court of justice -- International Law and the us of force by states -- International humanitarian law -- The United Nations -- International organisations
520 _a"International Law is the definitive and authoritative text on the subject, offering Shaw's unbeatable combination of clarity of expression and academic rigour and ensuring both understanding and critical analysis in an engaging and authoritative style. Encompassing the leading principles, practice and cases, and retaining and developing the detailed references which encourage and assist the reader in further study, this new edition motivates and challenges students and professionals while remaining accessible and engaging. Fully updated to reflect recent case law and treaty developments, this edition contains an expanded treatment of the relationship between international and domestic law, the principles of international humanitarian law, and international criminal law alongside additional material on international economic law"--
_cProvided by publisher
650 0 _aInternational law
_0http://id.loc.gov/authorities/subjects/sh85067417
_9117682
856 4 2 _3Publisher web page
_uhttps://www.cambridge.org/tr/academic/subjects/law/public-international-law/international-law-8th-edition?format=PB
942 _2lcc
_cBK